| 000 | 00729nam a2200301Ia 4500 | ||
|---|---|---|---|
| 008 | 210210b1935 xxu||||| |||| 00| 0 eng d | ||
| 041 | _aeng | ||
| 082 | _a320/164 | ||
| 100 | _aEPSTEIN (M) Ed | ||
| 245 | _aStatesmans year book: statistical and historical annual of the states of the world for the year 1935 | ||
| 260 |
_aLondon _bMacmillan & Co. Ltd. _c1935 |
||
| 300 | _axxxvi,1488 | ||
| 650 | _ayear | ||
| 650 | _aworld | ||
| 650 | _athe | ||
| 650 | _astatistical | ||
| 650 | _aStatesmans | ||
| 650 | _astates | ||
| 650 | _aof | ||
| 650 | _ahistorical | ||
| 650 | _afor | ||
| 650 | _abook: | ||
| 650 | _aannual | ||
| 650 | _aand | ||
| 650 | _a1935 | ||
| 690 | _aPolitical Science | ||
| 906 | _a001914 | ||
| 999 |
_c117766 _d117766 |
||